Rosco de Pasapalabra #52 - Estadísticas

Estadísticas generales
  • Esta prueba ha sido intentada 275 veces
  • La puntuación promedio es 14 de 25
Estadísticas de respuestas
Inicial Definición Respuesta % Correcto
B Residuos desechados y otros desperdicios Basura
98%
J Declarar a un empleado retirado del ejercicio de sus funciones, por haber alcanzado la edad reglamentaria Jubilar
95%
M Nombre del personaje bíblico que fue la madre de Jesús y esposa de José María
95%
C Persona que se dedica a trazar mapas geográficas Cartógrafo
94%
O Número cardinal equivalente a siete más uno Ocho
93%
H Muy frío, de temperatura muy inferior a la ordinaria Helado
86%
Contiene la Ñ Líquido segregado por la mucosa de los párpados y que se cuaja en los bordes de estos o en los ángulos de los ojos Legaña
86%
Contiene la Q Mechón de pelo que cae sobre la frente Flequillo
83%
A Lugar reservado para una persona en un espectáculo público Asiento
80%
D Aparato electrónico que permite realizar el pago con tarjetas de crédito o de débito Datáfono
76%
L Utensilio o aparato que, colgado o sostenido sobre un pie, sirve de soporte a una o varias luces artificiales Lámpara
75%
P Cuerpo geométrico cuya base es un polígono y cuyas caras laterales son triángulos que se juntan en un mismo vértice Pirámide
75%
F Coloquialmente, presumir, jactarse, alardear Fardar
67%
T Terremoto de escasa intensidad Temblor
59%
N En tenis, voz inglesa que designa el hecho de pasar la pelota rozando la red Net
55%
Contiene la Y Empresa compuesta por un número reducido de trabajadores y con un moderado volumen de facturación Pyme
46%
V Viento fuerte que no llega a ser temporal declarado Vendaval
40%
S Reunión nocturna de personas de distinción para divertirse con baile o música Sarao
29%
G Hombre que remaba forzado en las galeras Galeote
24%
Z Acción de serpentear o andar en zigzag Zigzagueo
19%
Contiene la X Incitar a alguien con palabras a que haga o deje de hacer algo Exhortar
18%
E Sulfuro de cinc, de diversos colores y brillo resinoso, también llamado "blenda" Esfalerita
3%
I Río de Asia que es afluente del río Kurá, y pasa por la localidad de Tianeti, en Georgia Iori
1%
R Apellido de la actriz que protagoniza la película "El baile de los enanos" Raffin
1%
U Se dice del alfabeto o de la escritura del antiguo gótico Ulfilano
1%
No se encontraron pruebas coincidentes
Distribución de puntuación
Porcentaje de gente con cada puntuación
Porcentaje por número respondido
Historial de tus puntuaciones
No has intentado esta prueba.